00413nam a22001457a 450000500170000001000130001702000230003003500130005303700180006608200160008410000200010024500840012026000380020430000250024220180824124142.0 aB-121302 a0782141811c450.00 aB-121302 aBPPD/PUBbENG a005.43bDOC aDocter, Quentin aSolaris 9 : Sun certified system administrator study guide /cby Quentin Docter aNew DelhibBPB Publicationsc2004 axxxix, 597p.c24cms.